000 04700cam a22006254i 4500
003 PE-LiUPU
005 20250731170450.0
008 150706s2008 sp rb 000 0 spa d
020 _a8408082043
020 _a9788408082040
035 _a(Sirsi) i9788408082040
040 _aPE-LiUPU
_bspa
_cPE-LiUPU
_dPE-LiUPU
_erda
049 _aPRUA
082 0 4 _a153.68
_bP75
_221
100 1 _aPolaino, Aquilino,
_eautor.
245 1 0 _aAprender a escuchar :
_bla necesidad vital de comunicarse /
_cAquilino Polaino.
264 1 _aBarcelona :
_bPlaneta,
_c2008.
300 _a346 páginas ;
_c23 centímetros.
336 _atext
_2rdacontent
337 _aunmediated
_2rdamedia
338 _avolume
_2rdacarrier
490 0 _aPlaneta Testimonio
504 _aIncluye bibliografía.
505 0 _aLa necesidad de hablar y sentirse escuchado -- La persona como el ser que a sí mismo se encuentra en el diálogo -- El monólogo del desencuentro -- Aprender a hablar -- La motivación, la escucha y el aprendizaje -- La acción de escuchar -- Las raíces de la acción de escuchar: racionalidad, voluntad y empatía -- Escucha, identidad y sentido -- ¿Qué se entiende por escuchar? -- La escucha y el reflejo de orientación -- La acción de atender y la corporalidad -- Actitudes y comportamientos en la acción de escuchar -- La necesidad vital del diálogo -- Autosuficiencia, dependencia y capacidad de escuchar -- La persona como un ser "descentrado" -- "No ., nada" -- Cómo descubrir si nos escuchan o no -- Otras características que definen la acción de escuchar -- ¿Sabemos escuchar?: doce sugerencias para conocerse mejor -- La apertura -- Temporalidad y oportunidad -- Empatía -- Idoneidad de las personas para el encuentro donde emerge la escucha -- "Lo que tienes que hacer." -- Lo que no es escuchar. algunos de los errores más frecuentes -- La burbuja del ruido -- ¿Se puede escuchar y tener prisa? -- La comunicación formal estereotipada -- Sesgos, prejuicios y multiculturalismo -- Algunos errores del hablante qué dificultan la escucha -- La adaptación de la palabra a quien escucha -- "¿Usted sabe con quién está hablando?" -- El egotismo del hablante -- El que se escucha a sí mismo cuando habla -- ¿Escuchar o combatir -- El pelmazo -- ¿Escucharse o combatirse? -- La ausencia de "respuesta de orientación" -- El devorador de intimidades ajenas -- El cinismo indiferente -- Hablar sólo de los propios intereses y proyectos -- ¿Sabemos escuchar? -- Cómo evaluar si sabemos o no escuchar -- Cuestionario para la evaluación de las habilidades para escuchar -- ¿Sabe escuchar a su pareja? -- Cuestionario para evaluar la escucha en la pareja -- ¿Saben escucharse padres e hijos? -- Aprender a escuchar -- Los españoles, ¿animales visuales? -- Motivaciones para aprender a escuchar -- Sea amable antes de escuchar -- Sabotajes a la acción de escuchar -- Cómo aprender a escuchar a los hijos -- Cómo enseñar a los hijos a escuchar -- Para comprender a los hijos adolescentes -- El silencio y la escucha -- La relevancia de lo, en apariencia, irrelevante -- Elocuencia del silencio -- La aceptación silenciosa puede ser muda, pero no sorda -- Aprender a escuchar el silencio -- Para aprender a escuchar la trascendencia -- La persona y la palabra -- La responsabilidad de escuchar -- El silencio del hombre -- El silencio de Dios -- ¿Sabemos escuchar a Dios -- Por una cultura de la confianza -- ¿Motivos para la desconfianza? -- La escucha es contraria a la violencia -- En busca de razones para confiar -- Por una cultura de la confianza.
526 _aSEG68
526 _aSEG70
526 _aSEG69
526 _aSEG67
526 _aSEG43
526 _aP144
526 _aP143
526 _aP131
526 _aP122
526 _aP120
526 _aP117
526 _aP112
526 _aP110
526 _aP106
526 _aP101
526 _aP80
526 _aP59
526 _aP54
526 _aP35
526 _aP33
526 _aP30
541 _g10579;
650 1 4 _aComunicación interpersonal.
_93021
650 2 4 _aEscucha (Psicología).
910 _bjv
_clch
_d20100815
942 _2ddc
_cBOOK
949 _a153.68 P75
_wDEWEY
_c1
_i62008
_d2015-9-25
_e2015-9-18
_lCCODEBUL1
_mBUL
_n1
_p14.00
_r0
_sY
_tBOOK
_u2015-7-6
_xTEOLOGIA
_PP35
_0COMPRA
_o.STAFF. Colección Ciencias de la Salud
994 _aC0
_bPEPRU
596 _a1
999 _a153.68 P75
_wDEWEY
_c51122
_i62008
_d51122
_e2015-9-18
_f2021-11-3
_g5
_lCCODEBUL1
_mBUL
_n1
_p14.00
_q1
_r0
_sY
_tBOOK
_u2015-7-6
_xSALUD
_zP33
_0COMPRA
_o.STAFF. Colección Ciencias de la Salud
980 _81
_gALBERTO SANCHEZ Responsable de Automatización